| 000 | 00351nam a2200121Ia 4500 | ||
|---|---|---|---|
| 008 | 150202s9999 xx 000 0 und d | ||
| 050 |
_aFIC _bFIC |
||
| 100 | _aPonell, John S.J. | ||
| 245 |
_aWhy am I afraid to love / _cJohn S.J. Ponell. |
||
| 260 |
_aNew York : _b Argus Communications, _c1982. |
||
| 300 |
_a120 pages : _c18 cm. |
||
| 650 | _aFiction. | ||
| 999 |
_c282131 _d282131 |
||